Kraje i stolice Świata - Statystyki

Ogólne statystyki
  • Ten quiz został rozwiązany 914 razy
  • Średni wynik to 200 z 395
Odpowiedzi na mapie
Odpowiedzi zakodowano w zielono-czerwonej skali na mapie do tego quizu, zgodnie z poniższymi procentami.
 
Statystyki odpowiedzi
Kraj % Poprawnych
Stany Zjednoczone
88%
Polska
87%
Kanada
86%
Meksyk
84%
Rosja
84%
Francja
83%
Niemcy
83%
Warszawa
83%
Ukraina
82%
Brazylia
81%
Hiszpania
81%
Wielka Brytania
81%
Islandia
80%
Litwa
80%
Moskwa
80%
Norwegia
80%
Portugalia
80%
Szwecja
80%
Berlin
79%
Białoruś
79%
Chiny
79%
Włochy
79%
Argentyna
78%
Dania
78%
Irlandia
78%
Łotwa
78%
Waszyngton
78%
Czechy
77%
Egipt
77%
Estonia
77%
Finlandia
77%
Japonia
77%
Paryż
77%
Słowacja
77%
Turcja
77%
Australia
76%
Austria
76%
Chile
76%
Londyn
76%
Madryt
76%
Kijów
75%
Grecja
74%
Holandia
74%
Indie
74%
Kazachstan
74%
Watykan
74%
Oslo
73%
Peru
73%
Rumunia
73%
Węgry
73%
Belgia
72%
Korea Północna
72%
Korea Południowa
72%
Kuba
72%
Praga
72%
Andora
71%
Chorwacja
71%
Szwajcaria
71%
Tokio
71%
Albania
70%
Kolumbia
70%
Lizbona
70%
Luksemburg
70%
Madagaskar
70%
Mongolia
70%
Republika Południowej Afryki
70%
Rzym
70%
Ateny
69%
Bośnia i Hercegowina
69%
Bułgaria
69%
Irak
69%
Iran
69%
Maroko
69%
Niger
69%
Ottawa
69%
San Marino
69%
Słowenia
69%
Wenezuela
69%
Mińsk
68%
Wilno
68%
Arabia Saudyjska
67%
Budapeszt
67%
Czarnogóra
67%
Dublin
67%
Helsinki
67%
Indonezja
67%
Mołdawia
67%
Monako
67%
Serbia
67%
Sztokholm
67%
Urugwaj
67%
Algieria
66%
Boliwia
66%
Kopenhaga
66%
Macedonia Północna
66%
Nigeria
66%
Nowa Zelandia
66%
Pekin
66%
Wiedeń
66%
Amsterdam
65%
Bruksela
65%
Bukareszt
65%
Cypr
65%
Kosowo
65%
Paragwaj
65%
Tajlandia
65%
Brasilia
64%
Bratysława
64%
Dominika
64%
Izrael
64%
Liechtenstein
64%
Panama
64%
Ryga
64%
Tunezja
64%
Demokratyczna Republika Konga
63%
Ekwador
63%
Libia
63%
Male
63%
Malta
63%
Pakistan
63%
Wietnam
63%
Zjednoczone Emiraty Arabskie
63%
Dominikana
62%
Filipiny
62%
Gruzja
62%
Oman
62%
Reykjawik
62%
Tallin
62%
Uzbekistan
62%
Afganistan
61%
Algier
61%
Ankara
61%
Jemen
61%
Czad
60%
Gujana
60%
Sofia
60%
Somalia
60%
Sudan
60%
Zagrzeb
60%
Buenos Aires
59%
Kair
59%
Kenia
59%
Kongo
59%
Syria
59%
Tadżykistan
59%
Tajwan
59%
Azerbejdżan
58%
Berno
58%
Katar
58%
Malezja
58%
Nepal
58%
Sri Lanka
58%
Surinam
58%
Turkmenistan
58%
Armenia
57%
Etiopia
57%
Jamajka
57%
Jordania
57%
Seul
57%
Tirana
57%
Gwinea
56%
Kiszyniów
56%
Laos
56%
Mali
56%
Senegal
56%
Sudan Południowy
56%
Angola
55%
Bangladesz
55%
Kirgistan
55%
Kostaryka
55%
Liban
55%
Gwatemala
54%
Haiti
54%
Kambodża
54%
Lublana
54%
Papua-Nowa Gwinea
54%
Sarajewo
54%
Belgrad
53%
Honduras
53%
Mozambik
53%
Salwador
53%
Singapur
53%
Zambia
53%
Bahamy
52%
Kuwejt
52%
Malediwy
52%
Skopje
52%
Tanzania
52%
Uganda
52%
Vaduz
52%
Valletta
52%
Wybrzeże Kości Słoniowej
52%
Zimbabwe
52%
Belize
51%
Ghana
51%
Lima
51%
Mjanma
51%
Nikaragua
51%
Nowe Delhi
51%
Santiago
51%
Bhutan
50%
Bogota
50%
Erytrea
50%
Jerozolima
50%
Togo
50%
Botswana
49%
Mauretania
49%
Namibia
49%
Podgorica
49%
Rwanda
49%
Seszele
49%
Tunis
49%
Canberra
48%
Gwinea Równikowa
48%
Kamerun
48%
Liberia
48%
Montevideo
48%
Pjongjang
48%
Republika Środkowoafrykańska
48%
Republika Zielonego Przylądka
48%
Bangkok
47%
Ułan-Bator
47%
Dżibuti
47%
Fidżi
47%
Gabon
47%
Prisztina
47%
Rabat
47%
Abu Zabi
46%
Astana
46%
Bahrajn
46%
Benin
46%
Burkina Faso
46%
Gambia
46%
Gwinea-Bissau
46%
Hawana
46%
Lesotho
46%
Malawi
46%
Nikozja
46%
Trynidad i Tobago
46%
Baku
45%
Eswatini/Suazi
45%
Mikronezja
45%
Sierra Leone
45%
Teheran
45%
Timor Wschodni
45%
Komory
44%
Wyspy Salomona
44%
Wyspy Świętego Tomasza i Książęca
44%
Barbados
43%
Caracas
43%
Kiribati
43%
Mauritius
43%
Saint Kitts i Nevis
43%
Tuvalu
43%
Wyspy Marshalla
43%
Dżakarta
42%
Quito
42%
Rijad
42%
Saint Lucia
42%
Saint Vincent i Grenadyny
42%
Brunei
41%
Burundi
41%
Damaszek
41%
Nauru
41%
Palau
41%
Tbilisi
41%
Vanuatu
41%
Antigua i Barbuda
40%
Bagdad
40%
Hanoi
40%
La Paz
40%
Dhaka
39%
Islamabad
39%
Kabul
39%
Manila
39%
Samoa
39%
Tonga
39%
Erywań
38%
Grenada
38%
Tajpej
38%
Wellington
38%
Dakar
37%
Kuala Lumpur
37%
Nairobi
37%
Trypolis
37%
Antananarywa
36%
Bejrut
36%
Kingston
35%
Kingstown
35%
San Salvador
35%
Asuncion
34%
Doha
34%
Katmandu
34%
Sana
34%
Amman
33%
Kapsztad
33%
Pretoria
33%
Addis Abeba
32%
Biszkek
32%
Maskat
31%
San Jose
31%
Santo Domingo
31%
Sucre
31%
Wientian
31%
Taszkent
30%
Chartum
29%
Georgetown
29%
Paramaribo
29%
Port-Au-Prince
29%
Abudża
28%
Phnom Penh
28%
Aszchabad
27%
Bissau
27%
Dili
27%
Duszanbe
27%
Kinszasa
27%
Nassau
27%
Tegucigalpa
27%
Belmopan
26%
Luanda
26%
Manama
26%
Mogadiszu
26%
Naypyidaw
26%
Port-of-Spain
26%
Freetown
25%
Managua
25%
Ndżamena
25%
Sao Tome
25%
Thimphu
25%
Akra
24%
Dżuba
24%
Niamey
24%
Port Moresby
24%
Wagadugu
24%
Brazzaville
23%
Dodoma
23%
Victoria
23%
Bamako
22%
Bandar Seri Begawan
22%
Harare
22%
Kampala
22%
Sri Dźajawardanapura Kotte
22%
Asmara
21%
Gaborone
21%
Kigali
21%
Libreville
21%
Lusaka
21%
Windhuk
21%
Jaunde
20%
Lilongwe
20%
Monrovia
20%
Nawakszut
20%
Porto-Novo
20%
Suva
20%
Bandżul
19%
Bridgetown
19%
Jamusukro
19%
Konakry
19%
Lome
19%
Maputo
19%
Mbabane
19%
Port Louis
19%
Bangi
18%
Gitega
18%
Praia
18%
Saint John's
18%
Maseru
17%
Moroni
17%
Roseau
17%
Saint George
17%
Yaren
17%
Apia
16%
Basseterre
16%
Castries
16%
Honiara
16%
South Tarawa
16%
Ngerulmud
15%
Nuku'alofa
15%
Palikir
15%
Funafuti
14%
Majuro
14%
Malabo
14%
Port Vila
14%
Bloemfontein
10%
Nie znaleziono quizów pasujących do podanych kryteriów
Rozkład punktacji
Procent ludzi z każdym wynikiem
Percentyl według liczby udzielonych odpowiedzi
Twoja historia wyników
Nie rozwiązałeś tego quizu